[Event "AUTO-OPEN-743"]
[Site "http://www.queenalice.com/game.php?id=240640"]
[Date "2007.7.16"]
[Round "1"]
[White "Papa_Leozin"]
[Black "ChrisDavison102"]
[Result "1-0"]
[WhiteElo "1442"]
[BlackElo "1159"]

1. e4 c5 2. Nc3 d6 3. f4 Nc6 4. Nf3 g6 5. Bc4 Bg7 6. O-O Bd7 7. d3 Nf6 8. Qe1
O-O 9. f5 Kh8 10. Qh4 h5 11. Ng5 Ne5 12. Bb3 Nh7 13. g4 Nxg5 14. Bxg5 f6 15.
fxg6 Bxg4 16. Be3 Nxg6 17. Qg3 Ne5 18. h3 Bd7 19. Qh4 Be8 20. Rf5 Bg6 21. Rxh5+
Bh6 22. Rxh6+ Kg7 23. Rh7+ Bxh7 24. Kh1 1-0

[Event "AUTO-OPEN-743"]
[Site "http://www.queenalice.com/game.php?id=240641"]
[Date "2007.7.16"]
[Round "1"]
[White "ChrisDavison102"]
[Black "Papa_Leozin"]
[Result "0-1"]
[WhiteElo "1159"]
[BlackElo "1425"]

1. e4 c5 2. Nf3 d6 3. c3 Nf6 4. Be2 Nc6 5. d4 cxd4 6. cxd4 d5 7. e5 Ne4 8. O-O
Bf5 9. Nc3 e6 10. h3 Be7 11. Be3 Rc8 12. a3 a6 13. Nxe4 Bxe4 14. Nd2 Bg6 15. Rc1
O-O 16. Re1 f6 17. f4 fxe5 18. fxe5 Bg5 19. Bxg5 Qxg5 20. Nf3 Qg3 21. Rf1 Bf5
22. Qe1 Qf4 23. Qf2 Be4 24. b4 Bxf3 0-1

[Event "AUTO-OPEN-745"]
[Site "http://www.queenalice.com/game.php?id=241363"]
[Date "2007.7.17"]
[Round "1"]
[White "serse"]
[Black "Papa_Leozin"]
[Result "1-0"]
[WhiteElo "2208"]
[BlackElo "1493"]

1. e4 c5 2. Nf3 d6 3. d4 cxd4 4. Nxd4 Nf6 5. Nc3 g6 6. Be3 Bg7 7. f3 O-O 8. Qd2
Nc6 9. O-O-O d5 10. exd5 Nb4 11. Bc4 Qa5 12. a3 Na6 13. Rhe1 Bd7 14. Nb3 Qc7 15.
Bxa6 bxa6 16. Bc5 Rab8 17. d6 Qc6 18. dxe7 Rfe8 19. Qd6 Qc8 20. g4 h6 21. h4 Rb7
22. Qxa6 Be6 23. Rd8 Qc7 24. Nb5 Rxb5 25. Rxe8+ Nxe8 26. Qxb5 Bd7 27. Qc4 Qc8
28. Rd1 Bf6 29. Qf4 g5 30. Qe3 a5 31. hxg5 hxg5 32. Bd4 a4 33. Bxf6 1-0

[Event "AUTO-OPEN-745"]
[Site "http://www.queenalice.com/game.php?id=241364"]
[Date "2007.7.17"]
[Round "1"]
[White "Papa_Leozin"]
[Black "serse"]
[Result "0-1"]
[WhiteElo "1416"]
[BlackElo "2210"]

1. e4 c5 2. Nc3 Nc6 3. f4 g6 4. Nf3 Bg7 5. Bc4 e6 6. d3 Nge7 7. O-O d5 8. Bb3
O-O 9. Qe1 b6 10. f5 dxe4 11. dxe4 gxf5 12. Qg3 fxe4 13. Bh6 Nf5 14. Rfd1 Nxg3
15. Rxd8 Rxd8 16. Bxg7 Kxg7 17. Ng5 Nf5 18. Ncxe4 Ncd4 19. Bc4 h6 0-1

[Event "AUTO-OPEN-745"]
[Site "http://www.queenalice.com/game.php?id=241387"]
[Date "2007.7.17"]
[Round "1"]
[White "razoman"]
[Black "Papa_Leozin"]
[Result "1-0"]
[WhiteElo "1822"]
[BlackElo "1455"]

1. d4 c5 2. d5 b5 3. e4 a6 4. Bd2 d6 5. Be2 Nf6 6. f3 g6 7. c4 b4 8. a3 Qb6 9.
b3 Bg7 10. Ra2 O-O 11. Bd3 Nbd7 12. Bf4 Nh5 13. Be3 Ne5 14. Bc2 bxa3 15. Rxa3
Bd7 16. Ne2 f5 17. O-O fxe4 18. Bxe4 a5 19. Nbc3 Qb4 20. Qc1 Bf5 21. Bxf5 Rxf5
22. g4 Nd3 23. Qc2 Nhf4 24. Ra4 Nxe2+ 25. Nxe2 Qb7 26. gxf5 Nb4 27. Qe4 gxf5 28.
Qxf5 Rf8 29. Qg4 Kh8 30. Rxa5 Nc2 31. Bf2 Bc3 32. Rb5 Qa7 33. Qe6 Bb2 34. Bh4
Bf6 35. Bxf6+ Rxf6 36. Qc8+ Kg7 37. Rb8 Ne3 38. Qg8+ Kh6 39. Kf2 Nxf1 40. h4 Rg6
41. Qf8+ Rg7 42. Qf4+ Kg6 43. Rf8 Ne3 44. Qg5# 1-0

[Event "AUTO-OPEN-745"]
[Site "http://www.queenalice.com/game.php?id=241388"]
[Date "2007.7.17"]
[Round "1"]
[White "Papa_Leozin"]
[Black "razoman"]
[Result "0-1"]
[WhiteElo "1493"]
[BlackElo "1932"]

1. e4 c6 2. d4 d5 3. Nc3 dxe4 4. Nxe4 Bf5 5. Ng3 Nf6 6. Nf3 h6 7. Bc4 e6 8. O-O
Bg4 9. Be3 Be7 10. h3 Bxf3 11. Qxf3 Nbd7 12. Bb3 O-O 13. c4 Nb6 14. Rad1 Rc8 15.
Rfe1 Bb4 16. Re2 Ba5 17. Bf4 Nbd7 18. Nh5 Bc7 19. d5 Bxf4 20. Nxf4 e5 21. Nh5 e4
22. Nxf6+ Nxf6 23. Qe3 Qa5 24. d6 Rcd8 25. a3 c5 26. Bc2 Qb6 27. Bxe4 Nxe4 28.
Qxe4 Rxd6 29. Rxd6 Qxd6 30. Qd5 Qb6 31. Qd2 Rd8 32. Qc3 Rd1+ 33. Kh2 Qd6+ 34. g3
Qc6 35. Re1 Rxe1 36. Qxe1 Qf3 37. Kg1 Kh7 38. Qb1+ g6 39. Qa2 h5 40. b4 b6 41.
Qb2 cxb4 42. axb4 h4 43. Qe5 hxg3 44. fxg3 Qd1+ 45. Kf2 Qd2+ 46. Kf3 Qxb4 47.
Qc7 Qc3+ 48. Kg2 Qd2+ 49. Kf3 Qd3+ 50. Kf2 Qf5+ 51. Kg2 Qe4+ 52. Kf2 Qe6 53. g4
a5 54. Kg3 Kg7 55. g5 a4 56. Qf4 Qe1+ 57. Kg2 Qa1 58. Qh4 a3 59. Qh6+ Kg8 60. h4
Qg7 0-1

[Event "AUTO-OPEN-745"]
[Site "http://www.queenalice.com/game.php?id=241403"]
[Date "2007.7.17"]
[Round "1"]
[White "Papa_Leozin"]
[Black "bepke"]
[Result "0-1"]
[WhiteElo "1500"]
[BlackElo "1773"]

1. e4 e5 2. f4 exf4 3. Nf3 d5 4. Nc3 dxe4 5. Nxe4 Nf6 6. Neg5 h6 7. Nxf7 Kxf7 8.
Bc4+ Nd5 9. O-O Nc6 10. d4 g5 11. Ne5+ Nxe5 12. dxe5 Be6 13. Qh5+ Kg7 14. h4 Qe8
15. Qf3 Bc5+ 16. Kh1 Rd8 17. Rd1 g4 18. Qb3 Qh5 19. g3 Qxe5 20. Bd2 Qe4+ 21. Kh2
fxg3+ 22. Qxg3 Bd6 23. Bxd5 Bxd5 24. Bc3+ Kh7 0-1

[Event "AUTO-OPEN-745"]
[Site "http://www.queenalice.com/game.php?id=241404"]
[Date "2007.7.17"]
[Round "1"]
[White "bepke"]
[Black "Papa_Leozin"]
[Result "1-0"]
[WhiteElo "1950"]
[BlackElo "1416"]

1. e4 c5 2. Nf3 d6 3. d4 cxd4 4. Nxd4 Nf6 5. Nc3 g6 6. Be3 Bg7 7. Be2 O-O 8. O-O
Nc6 9. f4 Bd7 10. Nb3 Rc8 11. Bf3 Na5 12. e5 Ne8 13. Nxa5 Qxa5 14. Nd5 Qd8 15.
Bxa7 Bb5 16. Re1 dxe5 17. fxe5 e6 18. Nc3 Qa5 19. Nxb5 Qxb5 20. Bd4 Rd8 21. c3
Nc7 22. a4 Qxb2 23. Re2 Rxd4 24. cxd4 Qc3 25. Rc1 Qa5 26. Rc5 b5 27. Qc2 Nd5 28.
Bxd5 exd5 29. Rxb5 Qa7 30. Rxd5 Ra8 31. Qc6 Rb8 32. Rd7 Rb1+ 33. Kf2 Qb8 34. Qd5
Qb3 35. Rd8+ Bf8 36. Qd6 Qb4 37. Rxf8+ Kg7 38. Qf6+ Kh6 39. Qf4+ 1-0

[Event "Challenge"]
[Site "http://www.queenalice.com/game.php?id=260676"]
[Date "2007.8.24"]
[Round "-"]
[White "mogerio"]
[Black "Papa_Leozin"]
[Result "0-1"]
[WhiteElo "1328"]
[BlackElo "1452"]

1. e4 c5 2. d4 cxd4 3. Qxd4 Nc6 4. Qd1 Nf6 5. Nc3 Qa5 6. Bd2 Qc5 7. Be3 Qb4 8.
a3 Qxb2 9. Rb1 Qxc3+ 10. Bd2 Qxa3 11. Be2 Nxe4 12. Bf4 Nc3 13. Qd2 Nxb1 14. Bg4
Nxd2 15. Kxd2 Qb4+ 16. c3 Qxf4+ 17. Ke2 Qxg4+ 18. f3 Qxg2+ 0-1

[Event "Challenge"]
[Site "http://www.queenalice.com/game.php?id=268427"]
[Date "2007.9.7"]
[Round "-"]
[White "henryfloripa"]
[Black "Papa_Leozin"]
[Result "1-0"]
[WhiteElo "1001"]
[BlackElo "1452"]

1. d4 c5 2. b4 cxd4 3. e4 e5 4. Bc4 Nf6 5. Bg5 Bxb4+ 6. c3 dxc3 7. Bc1 c2+ 8.
Bd2 cxd1=R+ 9. Kxd1 Bxd2 10. Nxd2 Ng4 11. h3 Nxf2+ 12. Ke1 1-0